[Event "Pavlodar op"]
[Site "Pavlodar"]
[Date "2016.11.23"]
[Round "4"]
[White "Dakhaev, Islam"]
[Black "Saiyn, Zhanat"]
[Result "1/2-1/2"]
[WhiteElo "2103"]
[BlackElo "2384"]
[PlyCount "53"]
[EventDate "2016.11.21"]
[EventType "swiss"]
[EventRounds "10"]
[EventCountry "KAZ"]
[SourceTitle "EXT 2018"]
[Source "ChessBase"]
[SourceDate "2017.10.13"]
[SourceVersion "1"]
[SourceVersionDate "2017.10.13"]
[SourceQuality "1"]

1. d4 d6 2. c4 Nd7 3. Nc3 e5 4. d5 Ngf6 5. e4 c6 6. Be3 Be7 7. Be2 Nc5 8. f3 Nh5 9. Qd2 Nf4 10. g3 Ng2+ 11. Kf1 Nxe3+ 12. Qxe3 0-0 13. Kg2 f5 14. b4 Nd7 15. exf5 c5 16. b5 Rxf5 17. Bd3 Rf8 18. Ne4 Nf6 19. Ne2 a6 20. a4 Qa5 21. Qd2 Qxd2 22. Nxd2 Bd7 23. Nc3 b6 24. Nde4 Ra7 25. Bc2 Nxe4 26. Bxe4 Raa8 27. h4 1/2-1/2

[Event "KAZ-ch sf"]
[Site "Pavlodar"]
[Date "2016.02.06"]
[Round "1"]
[White "Dakhaev, Islam"]
[Black "Urazayev, Arystanbek"]
[Result "0-1"]
[WhiteElo "1823"]
[BlackElo "2267"]
[PlyCount "72"]
[EventDate "2016.02.05"]
[EventType "swiss"]
[EventRounds "9"]
[EventCountry "KAZ"]
[SourceTitle "CBM 171 Extra"]
[Source "ChessBase"]
[SourceDate "2016.04.26"]
[SourceVersion "1"]
[SourceVersionDate "2016.04.26"]
[SourceQuality "1"]

1. d4 f5 2. c4 Nf6 3. Nc3 g6 4. g3 Bg7 5. Bg2 0-0 6. Nf3 d6 7. 0-0 Qe8 8. d5 a5 9. Nd4 Na6 10. Re1 Nc5 11. Nb3 Nfe4 12. Nxe4 Nxe4 13. f3 Nf6 14. Qd3 Nd7 15. a4 e5 16. e4 f4 17. Bd2 b6 18. Nc1 g5 19. g4 h5 20. h3 Nc5 21. Qc2 hxg4 22. hxg4 Bxg4 23. fxg4 f3 24. Be3 fxg2 25. Bxc5 bxc5 26. Qxg2 Qd7 27. Nd3 Rab8 28. Re3 Rf4 29. Rg3 c6 30. dxc6 Qxc6 31. Qe2 Rxe4 32. Qg2 Qb7 33. Qd2 Rxc4 34. Qxg5 Rc2 35. Rf1 Qe4 36. Nf2 Qf4 0-1

[Event "Pavlodar op"]
[Site "Pavlodar"]
[Date "2015.12.07"]
[Round "1"]
[White "Dakhaev, Islam"]
[Black "Khegay, Dmitriy"]
[Result "0-1"]
[WhiteElo "1903"]
[BlackElo "2405"]
[PlyCount "52"]
[EventDate "2015.12.07"]
[EventType "swiss"]
[EventRounds "10"]
[EventCountry "KAZ"]
[SourceTitle "EXT 2017"]
[Source "ChessBase"]
[SourceDate "2016.10.25"]
[SourceVersion "1"]
[SourceVersionDate "2016.10.25"]
[SourceQuality "1"]

1. d4 Nf6 2. c4 e6 3. Nc3 Bb4 4. Qc2 0-0 5. Bg5 c5 6. e3 b6 7. Bd3 h6 8. Bh4 Bb7 9. Nf3 Bxf3 10. gxf3 cxd4 11. exd4 Nc6 12. Rd1 Nxd4 13. Bh7+ Nxh7 14. Rxd4 Be7 15. Bg3 Bf6 16. Rd3 Rc8 17. Nb5 d5 18. b3 a6 19. Nd6 Rc6 20. Ne4 Qe7 21. Nxf6+ Nxf6 22. 0-0 b5 23. Rd4 Rfc8 24. Qd2 bxc4 25. bxc4 dxc4 26. Bh4 c3 0-1

[Event "Pavlodar op"]
[Site "Pavlodar"]
[Date "2014.12.02"]
[Round "3"]
[White "Arestanov, Timur"]
[Black "Dakhaev, Islam"]
[Result "1-0"]
[WhiteElo "2236"]
[BlackElo "1869"]
[PlyCount "45"]
[EventDate "2014.12.01"]
[EventType "swiss"]
[EventRounds "9"]
[EventCountry "KAZ"]
[SourceTitle "EXT 2016"]
[Source "ChessBase"]
[SourceDate "2015.10.08"]
[SourceVersion "1"]
[SourceVersionDate "2015.10.08"]
[SourceQuality "1"]

1. d4 e6 2. c4 b6 3. e4 Bb7 4. Bd3 d5 5. cxd5 exd5 6. e5 c5 7. Nf3 Nd7 8. 0-0 Qc7 9. Re1 Be7 10. Nc3 a6 11. Bf5 g6 12. Bh3 Nf8 13. dxc5 Qxc5 14. Be3 Qa5 15. a3 b5 16. Nxd5 Qd8 17. Nb6 Qxd1 18. Raxd1 Bxf3 19. gxf3 Rd8 20. Bc8 Rxd1 21. Rxd1 a5 22. Rd5 b4 23. a4 1-0